Pokémons Légendaires - Statistiques

Statistiques générales
  • Ce quiz a été pris 89 fois
  • Le résultat moyen est 61 sur 105
Statistiques - réponses
Génération Pokémon % Correct
1 Mew
98%
1 Mewtwo
97%
1 Sulfura
93%
3 Groudon
90%
1 Artikodin
88%
2 Ho-Oh
87%
3 Kyogre
87%
3 Rayquaza
87%
2 Lugia
85%
4 Palkia
85%
4 Dialga
83%
1 Électhor
83%
5 Zekrom
82%
2 Entei
80%
2 Suicune
80%
4 Arceus
78%
4 Giratina
78%
2 Raikou
78%
4 Darkrai
77%
5 Reshiram
77%
6 Zygarde
77%
7 Solgaleo
75%
2 Celebi
73%
7 Lunala
73%
6 Xerneas
73%
6 Yveltal
72%
4 Créfadet
70%
4 Créfollet
70%
4 Créhelf
70%
5 Kyurem
70%
3 Regirock
70%
3 Deoxys
68%
3 Jirachi
68%
3 Registeel
68%
3 Regice
67%
4 Regigigas
67%
5 Viridium
67%
3 Latias
65%
3 Latios
65%
5 Cobaltium
63%
4 Cresselia
63%
4 Shaymin
63%
5 Terrakium
63%
5 Victini
62%
7 Cosmog
60%
5 Démétéros
60%
8 Zamazenta
60%
7 Cosmovum
58%
4 Phione
58%
7 Tokotoro
58%
8 Zacian
58%
8 (forme) Artikodin de Galar
57%
5 Boréas
57%
4 Heatran
57%
9 Koraidon
57%
5 Meloetta
57%
8 (forme) Sulfura de Galar
57%
7 Tokopisco
57%
7 Tokorico
57%
8 (forme) Électhor de Galar
55%
5 Fulguris
55%
7 Tokopiyon
55%
6 Volcanion
55%
6 Diancie
53%
8 Éthernatos
53%
5 Keldeo
53%
9 Miraidon
53%
7 (ultra-chimère) Mouscoto
53%
7 (ultra-chimère) Necrozma
53%
6 Hoopa
50%
7 (ultra-chimère) Bamboiselle
48%
5 Genesect
48%
8 (dlc) Regidrago
48%
8 (dlc) Regieleki
48%
7 (ultra-chimère) Engloutyran
47%
4 Manaphy
47%
7 (ultra-chimère) Ama-Ama
45%
7 (ultra-chimère) Zéroïd
45%
7 (ultra-chimère) Câblifère
43%
7 (ultra-chimère) Katagami
43%
7 Magearna
43%
7 (ultra-chimère) Pierroteknik
43%
8 (dlc) Shifours
42%
7 Marshadow
40%
7 Zeraora
40%
7 (ultra-chimère) Cancrelove
38%
7 (ultra-chimère) Mandrillon
38%
7 Melmetal
38%
8 (dlc) Sylveroy
38%
7 (ultra-chimère) Vémini
38%
8 (dlc) Wushours
38%
8 (dlc) Blizzeval
37%
7 Meltan
37%
8 (dlc) Spectreval
37%
8 Amovénus
35%
8 (dlc) Zarude
35%
9 Yuyu
33%
9 Baojian
32%
9 Dinglu
27%
9 (dlc) Terapagos
27%
9 Chongjian
25%
9 (dlc) Ogerpon
25%
9 (dlc) Fortusimia
23%
9 (dlc) Félicanis
20%
9 (dlc) Favianos
18%
Aucun quiz correspondant
Distribution des résultats
% des personnes avec chaque résultat
Percentile par nombre de réponses
Votre historique - résultats
Vous n’avez pas pris ce quiz